<?xml version='1.0' encoding='UTF-8'?>
  <record xmlns="http://www.loc.gov/MARC21/slim">
    <leader>00000cam a2200000 i 4500</leader>
    <controlfield tag="001">ocm65366720</controlfield>
    <controlfield tag="003">OCoLC</controlfield>
    <controlfield tag="005">20250318212437.5</controlfield>
    <controlfield tag="008">900519s1883    ne            000 0 dut d</controlfield>
    <datafield tag="040" ind1=" " ind2=" ">
      <subfield code="a">NLGGC</subfield>
      <subfield code="b">dut</subfield>
      <subfield code="e">fobidrtb</subfield>
      <subfield code="c">NLGGC</subfield>
      <subfield code="d">OCLCO</subfield>
      <subfield code="d">OCLCL</subfield>
      <subfield code="d">OCLCQ</subfield>
    </datafield>
    <datafield tag="029" ind1="0" ind2=" ">
      <subfield code="a">NLGGC</subfield>
      <subfield code="b">061750662</subfield>
    </datafield>
    <datafield tag="035" ind1=" " ind2=" ">
      <subfield code="a">(OCoLC)65366720</subfield>
    </datafield>
    <datafield tag="041" ind1="1" ind2=" ">
      <subfield code="a">dut</subfield>
      <subfield code="h">ger</subfield>
    </datafield>
    <datafield tag="084" ind1=" " ind2=" ">
      <subfield code="a">46.20</subfield>
      <subfield code="2">bcl</subfield>
    </datafield>
    <datafield tag="100" ind1="1" ind2=" ">
      <subfield code="a">Barański, Anton,</subfield>
      <subfield code="d">-1915.</subfield>
      <subfield code="1">https://id.oclc.org/worldcat/entity/E39PBJbxy4vv8DJQ7ctWmKqfbd</subfield>
    </datafield>
    <datafield tag="245" ind1="1" ind2="0">
      <subfield code="a">Handleiding bij het keuren van vee en vleesch :</subfield>
      <subfield code="b">een gemakkelijke gids voor keurmeesters, veeartsen, gezondheidscommissiën, veehouders, slachters en verdere belanghebbenden, om gezond en ziek vee en vleesch te kunnen onderscheiden /</subfield>
      <subfield code="c">door Anton Baranski ; naar den 2en dr. uit het Hoogduitsch vert. door F.C. Hekmeijer.</subfield>
    </datafield>
    <datafield tag="260" ind1=" " ind2=" ">
      <subfield code="a">Utrecht :</subfield>
      <subfield code="b">Broese,</subfield>
      <subfield code="c">1883.</subfield>
    </datafield>
    <datafield tag="300" ind1=" " ind2=" ">
      <subfield code="a">IV, 139 p. :</subfield>
      <subfield code="b">tab. ;</subfield>
      <subfield code="c">23 cm.</subfield>
    </datafield>
    <datafield tag="336" ind1=" " ind2=" ">
      <subfield code="a">tekst</subfield>
      <subfield code="b">txt</subfield>
      <subfield code="2">rdacontent/dut</subfield>
    </datafield>
    <datafield tag="337" ind1=" " ind2=" ">
      <subfield code="a">zonder medium</subfield>
      <subfield code="b">n</subfield>
      <subfield code="2">rdamedia/dut</subfield>
    </datafield>
    <datafield tag="338" ind1=" " ind2=" ">
      <subfield code="a">band</subfield>
      <subfield code="b">nc</subfield>
      <subfield code="2">rdacarrier/dut</subfield>
    </datafield>
    <datafield tag="530" ind1=" " ind2=" ">
      <subfield code="a">Ook beschikbaar in microvorm.</subfield>
    </datafield>
    <datafield tag="650" ind1="1" ind2="7">
      <subfield code="a">Vleeskeuring.</subfield>
      <subfield code="2">gtt</subfield>
      <subfield code="0">(NL-LeOCL)114825734</subfield>
    </datafield>
    <datafield tag="700" ind1="1" ind2=" ">
      <subfield code="a">Hekmeijer, F.C.</subfield>
      <subfield code="q">(Franciscus Cornelis),</subfield>
      <subfield code="d">1809-1886.</subfield>
      <subfield code="1">https://id.oclc.org/worldcat/entity/E39PCjthMfkWdVFvym9VDxF8BX</subfield>
    </datafield>
    <datafield tag="765" ind1="0" ind2="8">
      <subfield code="i">Vert. van:</subfield>
      <subfield code="t">Anleitung zur Vieh- und Fleischschau</subfield>
    </datafield>
    <datafield tag="776" ind1="0" ind2=" ">
      <subfield code="t">Handleiding bij het keuren van vee en vleesch</subfield>
      <subfield code="w">(NL-LeOCL)431880905</subfield>
    </datafield>
    <datafield tag="936" ind1=" " ind2=" ">
      <subfield code="a">BATCHLOAD</subfield>
    </datafield>
  </record>